| 000 | 00459nam a22001817a 4500 | ||
|---|---|---|---|
| 999 |
_c170192 _d170192 |
||
| 005 | 20191211173025.0 | ||
| 010 | _aENG-127084 | ||
| 020 |
_c150.00 _a9788184658804 |
||
| 035 | _aEN-110616 | ||
| 037 | _bDBAD/PUB | ||
| 082 | _aS | ||
| 100 | _aAgarwal, Neha | ||
| 245 |
_aCherris aren't red elements / _cby Neha Agarwal |
||
| 260 |
_aBanglore _bPothi _c2009 |
||
| 270 | _mna.mindmines@gmail.com | ||
| 300 |
_a302p. _c20cm(pbk) |
||
| 942 |
_2ddc _cEN _hS _mAGA |
||